Η προστασία της ελαιάς Πηλίου
Αποθηκεύτηκε σε:
| Συγγραφή απο Οργανισμό/Αρχή: | |
|---|---|
| Μορφή: | Βιβλίο |
| Γλώσσα: | Greek |
| Δημοσίευση: |
Βόλος :
Ταμείο Πρόνοιας Ελαιοπαραγωγής Πηλίου,
1923
|
| Σειρά: | Γεωργική βιβλιοθήκη Πηλίου ;
; 1 |
| Θέματα: | |
| Ετικέτες: |
Προσθήκη ετικέτας
Δεν υπάρχουν, Καταχωρήστε ετικέτα πρώτοι!
|
MARC
| LEADER | 00000cam a2200000 i 4500 | ||
|---|---|---|---|
| 001 | 1/59699 | ||
| 008 | 141112s1923 gre d | ||
| 035 | |l 10119743 | ||
| 040 | |a GR-MY-UA |b gre |e aacr | ||
| 041 | 0 | |a gre | |
| 082 | 0 | |a 634.63 |2 (23) | |
| 110 | 2 | |a Ταμείο πρόνοιας ελαιοπαραγωγής Πηλίου. | |
| 245 | 1 | 2 | |a Η προστασία της ελαιάς Πηλίου |
| 260 | |a Βόλος : |b Ταμείο Πρόνοιας Ελαιοπαραγωγής Πηλίου, |c 1923 | ||
| 300 | |a 62 σ.; |b πίν.; |c 19 εκ. | ||
| 490 | 1 | |a Γεωργική βιβλιοθήκη Πηλίου |v ; 1 | |
| 500 | |a Στο 2ο αντ. στο εξώφυλλο σφραγίδα "Δημόσια Εμπορική Σχολή. εν. Ν. Καρλοβασίω" | ||
| 650 | 0 | |a Olive |z Greece |z Pelion Mountains. | |
| 650 | 0 | |a Olive industry and trade |z Greece |z Pelion Mountains. | |
| 830 | 0 | |a Γεωργική βιβλιοθήκη Πηλίου ; |v ; 1 | |
| 852 | |a INST |b SAMOS |c PORFYRIADA |e 20141112 |h 634.63 ΠΡΟ |p 005300037164 |q 005300037164 |t NOLOAN |y 23 | ||
| 852 | |a INST |b SAMOS |c PORFYRIADA |e 20141112 |h 634.63 ΠΡΟ |p 005300037165 |q 005300037165 |t NOLOAN |y 23 | ||
| 901 | |a BIBL3-2014-3 | ||
| 909 | |a Σ |b 185319 | ||
| 909 | |a Σ |b 185320 | ||
| 970 | |a ΣΙΤΖΙΜΗ |b ΓΙΑΣΕΜΗ |z 2014/11/12 | ||